VCT 2024 Champions Recap - Statistics

General Stats
  • This quiz has been taken 404 times
  • The average score is 11 of 16
Answer Stats
Hint Answer % Correct
EDward Gaming 1st (Champions)
90%
Team Heretics 2nd (Runner Up)
90%
Leviatán 3rd
79%
FunPlus Phoenix 13th-16th (Group Stage Exit)
77%
Sentinels 4th
73%
Talon 13th-16th (Group Stage Exit)
70%
Bilibili Gaming 13th-16th (Group Stage Exit)
67%
Gen.G 9th-12th (Group Stage Exit)
66%
DRX 5th-6th
64%
Trace Esports 7th-8th
64%
FNATIC 5th-6th
63%
Paper Rex 9th-12th (Group Stage Exit)
59%
FUT Esports 13th-16th (Group Stage Exit)
57%
Team Vitality 9th-12th (Group Stage Exit)
55%
G2 Esports 7th-8th
49%
KRÜ Esports 9th-12th (Group Stage Exit)
44%
No matching quizzes found
Score Distribution
Percent of People with Each Score
Percentile by Number Answered
Your Score History
You have not taken this quiz